000
00499nam a2200169Ia 4500
008
090711s9999 xx 000 0 und d
082
_b
77244
100
_a
प्रभावळकर दिलीप
245
_a
हसवा फसवी
260
_c
1995
300
_a
80
600
_a
प्रभावळकर दिलीप
630
_a
हसवा फसवी
700
_a
प्रभावळकर दिलीप
730
_a
हसवा फसवी
942
_c
BOOK
999
_c
308510
_d
308510